000 00677nam a22001337a 4500
040 _crua
082 _aVEM PHA 2024 B1-330 Or.
100 _aPHALLA DAVID,ផល្លា ដេវិដ
245 _aCASE OF SALMONELLA SPP. ON PORK AT MARKET IN ROKA KRAV COMMUNE, KRONG DOUN KAEV, TAKEO PROVINCE,ករណី SALMONELLA SPP. លើសាច់ជ្រូក នៅផ្សារក្នុងឃុំរកាក្រៅ ក្រុងដូនកែវ ខេត្តតាកែវ
260 _aphnom penh
_brua
_c2024
300 _aix.39p.
_bill.
_c29cm.
856 _uhttps://drive.google.com/file/d/1RpQNV2KJRu7I_Obsk_vF6qrCSICOcmoe/view?usp=sharing
942 _cVEM
999 _c24745
_d24745